100 Registi dai loro film - Statistics

Statistiche generali
  • Questo quiz è stato fatto 137 volte
    126 dall'ultimo reset
  • Il punteggio medio è 47 su 100
Statistiche sulle risposte
Anno di nascita Paese di nascita Film Regista % Corretto
1920 Italia Federico Fellini
91%
1939 Stati Uniti Il padrino Francis Ford Coppola
85%
1954 Canada Avatar James Cameron
82%
1963 Stati Uniti Pulp Fiction Quentin Tarantino
80%
1928 Stati Uniti 2001: Odissea nello spazio Stanley Kubrick
80%
1901 Italia Ladri di biciclette Vittorio De Sica
80%
1940 Italia Suspiria Dario Argento
79%
1928 Italia Il buono, il brutto, il cattivo Sergio Leone
79%
1942 Stati Uniti The Wolf of Wall Street Martin Scorsese
78%
1930 Stati Uniti Gran Torino Clint Eastwood
77%
1950 Italia La grande bellezza Paolo Sorrentino
77%
1899 Regno Unito Psyco Alfred Hitchcock
73%
1946 Stati Uniti Salvate il soldato Ryan Steven Spielberg
73%
1940 Stati Uniti Heat Michael Mann
72%
1970 Regno Unito Il cavaliere oscuro Christopher Nolan
69%
1958 Stati Uniti Edward mani di forbice Tim Burton
69%
1889 Regno Unito Tempi moderni Charlie Chaplin
68%
1922 Italia Salò o le 120 giornate di Sodoma Pier Paolo Pasolini
67%
1944 Stati Uniti Star Wars George Lucas
65%
1970 Stati Uniti Il petroliere Paul Thomas Anderson
63%
1969 Stati Uniti Grand Budapest Hotel Wes Anderson
63%
1935 Stati Uniti Midnight in Paris Woody Allen
63%
1956 Italia Nuovo Cinema Paradiso Giuseppe Tornatore
62%
1941 Italia Ultimo Tango a Parigi Bernardo Bertolucci
61%
1915 Stati Uniti Quarto potere Orson Welles
61%
1946 Stati Uniti Mulholland Drive David Lynch
60%
1957-1954 Stati Uniti Non è un paese per vecchi Ethan e Joel Coen
60%
1918 Svezia Il settimo sigillo Ingmar Bergman
60%
1910 Giappone I sette samurai Akira Kurosawa
56%
1950 Italia Mediterraneo Gabriele Salvatores
56%
1941 Giappone La città incantata Hayao Miyazaki
55%
1937 Regno Unito Blade Runner Ridley Scott
55%
1971 Italia Chiamami col tuo nome Luca Guadagnino
54%
1962 Stati Uniti Fight Club David Fincher
53%
1890 Germania Metropolis Fritz Lang
53%
1967 Italia La ricerca della Felicità Gabriele Muccino
53%
1964 Messico Il labirinto del fauno Guillermo del Toro
53%
1906 Italia Roma città aperta Roberto Rossellini
53%
1961 Nuova Zelanda Il Signore degli Anelli Peter Jackson
52%
1972 Stati Uniti Argo Ben Affleck
51%
1940 Italia Scarface Brian De Palma
50%
1959 Stati Uniti Spider-Man Sam Raimi
50%
1975 Grecia Povere creature! Yorgos Lanthimos
50%
1967 Canada Dune Denis Villeneuve
49%
1912 Italia Blow-Up Michelangelo Antonioni
49%
1951 Stati Uniti Forrest Gump Robert Zemeckis
49%
1939 Stati Uniti Il cacciatore Michael Cimino
48%
1933 Polonia Il pianista Roman Polanski
48%
1915 Italia I soliti ignoti Mario Monicelli
46%
1985 Stati Uniti La La Land Damien Chazelle
45%
1943 Canada La mosca David Cronenberg
45%
1897 Stati Uniti La vita è meravigliosa Frank Capra
44%
1953 Italia La stanza del figlio Nanni Moretti
44%
1939 Italia Il traditore Marco Bellocchio
43%
1969 Corea del Sud Parasite Bong Joon Ho
42%
1929 Italia Indagine su un cittadino al di sopra di ogni sospetto Elio Petri
42%
1968 Italia Gomorra Matteo Garrone
42%
1926 Stati Uniti Frankenstein Junior Mel Brooks
42%
1963 Messico Birdman - o L'imprevedibile virtù dell'ignoranza Alejandro González Iñárritu
41%
1953 Italia Perfetti sconosciuti Paolo Genovese
41%
1963 Corea del Sud Oldboy Park Chan-wook
41%
1961 Messico Gravity Alfonso Cuarón
39%
1931 Italia Una giornata particolare Ettore Scola
39%
1948 Stati Uniti Halloween John Carpenter
39%
1900 Spagna Bella di giorno Luis Buñuel
39%
1983 Stati Uniti The Lighthouse Robert Eggers
38%
1894 Stati Uniti Furore John Ford
37%
1927 Italia La maschera del Demonio Mario Bava
37%
1940 Stati Uniti La notte dei morti viventi George A. Romero
36%
1932 Russia Stalker Andrei Tarkovsky
35%
1930 Francia Fino all’ultimo respiro Jean-Luc Godard
35%
1966 Stati Uniti 300 Zack Snyder
35%
1906 Austria A qualcuno piace caldo Billy Wilder
34%
1983 Stati Uniti Barbie Greta Gerwig
34%
1965-1967 Stati Uniti Matrix Lana e Lilly Wachowski
34%
1965 Regno Unito American Beauty Sam Mendes
34%
1942 Germania Fitzcarraldo Werner Herzog
34%
1927 Italia …E tu vivrai nel terrore! L'aldilà Lucio Fulci
33%
1950 Stati Uniti Inside Man Spike Lee
33%
1979 Italia Lo chiamavano Jeeg Robot Gabriele Mainetti
32%
1945 Australia Mad Max: Fury road George Miller
32%
1950 Italia Fantozzi contro tutti Neri Parenti
30%
1954 Stati Uniti A Beautiful Mind Ron Howard
30%
1970 Stati Uniti Joker Todd Phillips
29%
1935 Stati Uniti L'esorcista William Friedkin
29%
1956 Regno Unito The millionaire Danny Boyle
28%
1964 Italia Il capitale umano Paolo Virzì
28%
1950 Stati Uniti The Blues Brothers John Landis
26%
1920 Stati Uniti La parola ai giurati Sidney Lumet
26%
1925 Stati Uniti Gosford Park Robert Altman
25%
1970 Regno Unito Ex Machina Alex Garland
23%
1884 Stati Uniti Via col vento Victor Fleming
23%
1903 Giappone Viaggio a Tokyo Yasujirō Ozu
23%
1968 Regno Unito Snatch – Lo strappo Guy Ritchie
21%
1940 Regno Unito L'esercito delle 12 scimmie Terry Gilliam
21%
1895 Stati Uniti Come vinsi la guerra Buster Keaton
19%
1902 Germania Ben-Hur William Wyler
19%
1968 Stati Uniti Don't Look Up Adam McKay
18%
1985 Regno Unito Saltburn Emerald Fennell
14%
1963 Argentina Irréversible Gaspar Noè
14%
Nessun quiz corrispondente trovato
Distribuzione punteggi
Percentuale di utenti per punteggio
Percentile per numero di risposta
I tuoi punteggi nel tempo
Non hai fatto questo quiz dall'ultimo reset